Red-Haired Woman (Record no. 125565)

MARC details
000 -LEADER
fixed length control field 00381nam a2200133Ia 4500
008 - FIXED-LENGTH DATA ELEMENTS--GENERAL INFORMATION
fixed length control field 211122s9999||||xx |||||||||||||| ||und||
082 ## - DEWEY DECIMAL CLASSIFICATION NUMBER
Classification number 823
Item number PAM-R
100 ## - MAIN ENTRY--PERSONAL NAME
Personal name Pamuk, Orphan
245 #0 - TITLE STATEMENT
Title Red-Haired Woman
260 ## - PUBLICATION, DISTRIBUTION, ETC.
Name of publisher, distributor, etc. Penguin
Place of publication, distribution, etc. Haryana
630 ## - SUBJECT ADDED ENTRY--UNIFORM TITLE
General subdivision General Stack
650 ## - SUBJECT ADDED ENTRY--TOPICAL TERM
Topical term or geographic name entry element English
942 ## - ADDED ENTRY ELEMENTS (KOHA)
Koha item type BOOK
650 ## - SUBJECT ADDED ENTRY--TOPICAL TERM
Form subdivision LITERATURE & RHETORICENGLISH AND OLD ENGLISH LIERATURESENGLISH FICTION
Holdings
Withdrawn status Lost status Damaged status Not for loan Home library Current library Date acquired Cost, normal purchase price Total Checkouts Full call number Barcode Shelving location Date last seen Date last checked out Price effective from Koha item type
        SB LIBRARY SB LIBRARY 22/11/2021 599.00 6 823 PAM-R 00139235 GENERAL STACK 02/04/2025 19/03/2025 22/11/2021 BOOK

Powered by Koha